[Event "vl-2324 MVP"]
[Site "MVP"]
[Date "2023.12.17"]
[Round "4.3"]
[White "Korbal, Arkadiusz"]
[Black "Jansen, Andreas"]
[Result "1-0"]
[WhiteElo "2080"]
[BlackElo "2098"]
[PlyCount "51"]
[EventDate "2023.??.??"]
[EventType "team-tourn"]
[EventRounds "9"]
[EventCountry "GER"]
[WhiteTeam "SAV Torgelow"]
[BlackTeam "SSC Graal-Mueritz"]
[WhiteTeamCountry "GER"]
[BlackTeamCountry "GER"]

1. d4 c5 2. d5 d6 3. c4 g6 4. e4 Bg7 5. Bd3 Qb6 6. Qc2 Nd7 7. Nc3 Ne5 8. Nge2 Nf6 9. O-O Nfg4 10. f4 Nxd3 11. Qxd3 f5 12. h3 fxe4 13. Nxe4 Nf6 14. N2g3 O-O 15. Ng5 h6 16. Qxg6 hxg5 17. fxg5 Nh7 18. Nh5 Rxf1+ 19. Kxf1 Kf8 20. Qxg7+ Ke8 21. Qxh7 Qb4 22. Qd3 Bd7 23. Bd2 Qa4 24. b3 Qa6 25. Qg6+ Kd8 26. Qg8+ 1-0

[Event "vl-2324 MVP"]
[Site "MVP"]
[Date "2023.12.17"]
[Round "4.4"]
[White "Moritz, Hartmut"]
[Black "Schmekel, Florian"]
[Result "1/2-1/2"]
[WhiteElo "2057"]
[BlackElo "2103"]
[PlyCount "135"]
[EventDate "2023.??.??"]
[EventType "team-tourn"]
[EventRounds "9"]
[EventCountry "GER"]
[WhiteTeam "SSC Graal-Mueritz"]
[BlackTeam "SAV Torgelow"]
[WhiteTeamCountry "GER"]
[BlackTeamCountry "GER"]

1. e4 c5 2. c3 d5 3. exd5 Qxd5 4. d4 e6 5. Nf3 Nc6 6. Be2 cxd4 7. cxd4 Nf6 8. Nc3 Qd6 9. O-O Be7 10. g3 Nd5 11. Ng5 Bxg5 12. Bxg5 h6 13. Be3 Nce7 14. Bb5+ Bd7 15. Ne4 Qc7 16. Rc1 Bc6 17. Qg4 Kf8 18. Nc5 Bxb5 19. Nxe6+ fxe6 20. Rxc7 Bxf1 21. Rxe7 Kxe7 22. Qxg7+ Kd6 23. Qe5+ Kd7 24. Kxf1 Nxe3+ 25. Qxe3 Rae8 26. f4 Kc8 27. Qe5 Rhf8 28. Qc5+ Kb8 29. Kg2 Ka8 30. a4 a6 31. b4 Rf5 32. Qb6 Rd5 33. b5 axb5 34. axb5 Kb8 35. Kf3 h5 36. Ke4 Red8 37. Qxe6 Rxd4+ 38. Kf3 Rd3+ 39. Kg2 R8d6 40. Qe8+ Ka7 41. Qxh5 R3d5 42. Qe8 Kb6 43. h4 Rxb5 44. h5 Rc5 45. Kh3 Kc7 46. Qe7+ Kc6 47. Qe4+ Kc7 48. g4 b5 49. g5 Rc4 50. Qe7+ Kc6 51. Qe8+ Kb6 52. h6 Rxf4 53. Qe3+ Rdd4 54. h7 Rh4+ 55. Kg3 Kc5 56. h8=Q Rxh8 57. Qe5+ Rd5 58. Qxh8 Rxg5+ 59. Kf4 Rd5 60. Qc3+ Kb6 61. Ke4 Rc5 62. Qf6+ Rc6 63. Qd8+ Ka6 64. Kd5 Rc4 65. Qd6+ Ka5 66. Qa3+ Kb6 67. Qa8 Ra4 68. Qb8+ 1/2-1/2

[Event "vl-2324 MVP"]
[Site "MVP"]
[Date "2023.12.17"]
[Round "4.6"]
[White "Jeske, Holger"]
[Black "Ehlers, Michael"]
[Result "0-1"]
[WhiteElo "1867"]
[BlackElo "1944"]
[PlyCount "138"]
[EventDate "2023.??.??"]
[EventType "team-tourn"]
[EventRounds "9"]
[EventCountry "GER"]
[WhiteTeam "SSC Graal-Mueritz"]
[BlackTeam "SAV Torgelow"]
[WhiteTeamCountry "GER"]
[BlackTeamCountry "GER"]

1. Nh3 e5 2. f3 d5 3. Nf2 Nf6 4. g3 Bd6 5. Bg2 O-O 6. O-O c5 7. d3 Nc6 8. e4 dxe4 9. dxe4 Be6 10. c3 Bc4 11. Re1 Qc7 12. Be3 Rfd8 13. Nd2 Ba6 14. Qc2 Nd7 15. Rad1 c4 16. Bf1 Na5 17. b4 cxb3 18. axb3 Bxf1 19. Nxf1 Rac8 20. Rd3 Be7 21. Red1 b6 22. Qa2 Nf8 23. f4 Ne6 24. fxe5 Rxd3 25. Rxd3 Qxe5 26. Bd4 Nxd4 27. cxd4 Qc7 28. Ne3 Qc1+ 29. Kg2 Bg5 30. Qe2 Bxe3 31. Qxe3 Qxe3 32. Rxe3 Rc2 33. d5 Kf8 34. Rd3 Ke8 35. Kf3 Rb2 36. b4 Rxb4 37. Kf4 Kd7 38. Ra3 f6 39. Nd3 Rb1 40. Nc5+ Kd6 41. Ne6 Rf1+ 42. Kg4 g6 43. Nf8 f5+ 44. exf5 Rxf5 45. Nxh7 Kxd5 46. h4 Kc5 47. Ng5 Kb4 48. Ra1 Rd5 49. Ne6 Nc6 50. Rb1+ Ka3 51. Nf4 Rd6 52. Rb5 Ka4 53. Rg5 b5 54. Nxg6 Rxg6 55. Rxg6 Ne5+ 56. Kg5 Nxg6 57. Kxg6 b4 58. h5 b3 59. g4 b2 60. g5 b1=Q+ 61. Kg7 Qb2+ 62. Kh7 Qe5 63. Kg6 Qd6+ 64. Kg7 Qe7+ 65. Kg6 Qe8+ 66. Kh6 Qh8+ 67. Kg6 Kb5 68. h6 a5 69. Kh5 a4 0-1

[Event "vl-2324 MVP"]
[Site "MVP"]
[Date "2023.12.17"]
[Round "4.8"]
[White "Hausmann, Ulrich"]
[Black "Massloch, Philipp"]
[Result "1/2-1/2"]
[WhiteElo "1820"]
[BlackElo "1805"]
[PlyCount "65"]
[EventDate "2023.??.??"]
[EventType "team-tourn"]
[EventRounds "9"]
[EventCountry "GER"]
[WhiteTeam "SSC Graal-Mueritz"]
[BlackTeam "SAV Torgelow"]
[WhiteTeamCountry "GER"]
[BlackTeamCountry "GER"]

1. f4 d5 2. Nf3 Nf6 3. e3 c5 4. Be2 Nc6 5. c3 e6 6. d4 Be7 7. O-O O-O 8. Ne5 Ne4 9. Nd2 Nxd2 10. Bxd2 f6 11. Nxc6 bxc6 12. Bd3 cxd4 13. exd4 c5 14. Be3 Qc7 15. Qh5 f5 16. Qf3 Bb7 17. Qe2 Bd6 18. Kh1 Rae8 19. Qf2 cxd4 20. Bxd4 Bc8 21. Rae1 a6 22. Be5 Bxe5 23. Rxe5 Rf6 24. Rfe1 Rg6 25. Bxf5 Rf6 26. g4 Qc6 27. Bd3 Qa4 28. b4 Qc6 29. Qd4 Ref8 30. Rf1 Qa4 31. Bb1 Qb5 32. Bd3 Qa4 33. Bb1 1/2-1/2

[Event "vl-2324 MVP"]
[Site "MVP"]
[Date "2023.12.17"]
[Round "4.2"]
[White "Markovych, Illya"]
[Black "Hornych, Christoph"]
[Result "1-0"]
[WhiteElo "2028"]
[BlackElo "2172"]
[PlyCount "45"]
[EventDate "2023.??.??"]
[EventType "team-tourn"]
[EventRounds "9"]
[EventCountry "GER"]
[WhiteTeam "Makkabi Rostock"]
[BlackTeam "SF Schwerin II"]
[WhiteTeamCountry "GER"]
[BlackTeamCountry "GER"]

1. e4 c6 2. d4 d5 3. exd5 cxd5 4. c4 Nf6 5. Nc3 Nc6 6. cxd5 Nxd5 7. Bc4 e6 8. Nf3 Be7 9. O-O O-O 10. Re1 a6 11. a4 Ncb4 12. Qe2 b6 13. Bb3 Bb7 14. Bd2 Rc8 15. Ne5 Bf6 16. Red1 Qe7 17. Ne4 Nc2 18. Nxf6+ Nxf6 19. Bxc2 Rxc2 20. Qd3 Rcc8 21. Bg5 Qd6 22. Bxf6 gxf6 23. Qg3+ 1-0

[Event "vl-2324 MVP"]
[Site "MVP"]
[Date "2023.12.17"]
[Round "4.3"]
[White "Wandel, Bernd"]
[Black "Schamber, Dennis"]
[Result "0-1"]
[WhiteElo "2054"]
[BlackElo "1714"]
[PlyCount "92"]
[EventDate "2023.??.??"]
[EventType "team-tourn"]
[EventRounds "9"]
[EventCountry "GER"]
[WhiteTeam "SF Schwerin II"]
[BlackTeam "Makkabi Rostock"]
[WhiteTeamCountry "GER"]
[BlackTeamCountry "GER"]

1. d4 Nf6 2. c4 g6 3. Nc3 Bg7 4. e4 d6 5. f3 O-O 6. Be3 e5 7. Nge2 Nc6 8. Qd2 Nd7 9. d5 Ne7 10. g4 f5 11. gxf5 gxf5 12. Bg5 Nf6 13. Bh3 f4 14. Bxc8 Qxc8 15. O-O-O a6 16. h4 h6 17. Bxf6 Bxf6 18. c5 Ng6 19. h5 Nh8 20. Kb1 Nf7 21. cxd6 cxd6 22. Na4 Qd8 23. b3 b5 24. Nb2 Ng5 25. Ng1 Rc8 26. Qf2 Rf7 27. Nh3 Rc3 28. Nxg5 Bxg5 29. Rc1 Rfc7 30. Rxc3 Rxc3 31. Rf1 Qc7 32. Qg1 Rc2 33. Rc1 Rxc1+ 34. Qxc1 Qxc1+ 35. Kxc1 Bd8 36. b4 Kf7 37. Nd1 Bb6 38. Nc3 Bd4 39. Ne2 Be3+ 40. Kc2 Kf6 41. Kb3 Kg5 42. a4 Bd2 43. axb5 axb5 44. Kc2 Bxb4 45. Nc1 Kxh5 46. Nd3 Ba5 0-1

[Event "vl-2324 MVP"]
[Site "MVP"]
[Date "2023.12.17"]
[Round "4.4"]
[White "Schulz, Bruno Andreas"]
[Black "Schmidt, Arne"]
[Result "0-1"]
[WhiteElo "1709"]
[BlackElo "1774"]
[PlyCount "66"]
[EventDate "2023.??.??"]
[EventType "team-tourn"]
[EventRounds "9"]
[EventCountry "GER"]
[WhiteTeam "Makkabi Rostock"]
[BlackTeam "SF Schwerin II"]
[WhiteTeamCountry "GER"]
[BlackTeamCountry "GER"]

1. d4 Nf6 2. c4 g6 3. Nc3 d5 4. cxd5 Nxd5 5. g3 Bg7 6. Bg2 Nxc3 7. bxc3 O-O 8. Ba3 Re8 9. e4 e5 10. Ne2 c5 11. dxe5 Qa5 12. Bb2 Bxe5 13. O-O Be6 14. f4 Bg7 15. f5 Bc4 16. f6 Bf8 17. Rf4 Nc6 18. Rh4 Rad8 19. Qe1 Ne5 20. g4 Nd3 21. Qg3 Nxb2 22. Qh3 Rd3 23. Ng3 Bg7 24. fxg7 Kxg7 25. Rxh7+ Kf8 26. Nf5 Rxh3 27. Bxh3 gxf5 28. gxf5 Qxc3 29. Kh1 Rxe4 30. Rg1 Re1 31. f6 Bd5+ 32. Bg2 Rxg1+ 33. Kxg1 Qe1+ 0-1

[Event "vl-2324 MVP"]
[Site "MVP"]
[Date "2023.12.17"]
[Round "4.7"]
[White "Popp, Michael"]
[Black "Roeste, Stein"]
[Result "1-0"]
[WhiteElo "1958"]
[BlackElo "1731"]
[PlyCount "45"]
[EventDate "2023.??.??"]
[EventType "team-tourn"]
[EventRounds "9"]
[EventCountry "GER"]
[WhiteTeam "SF Schwerin II"]
[BlackTeam "Makkabi Rostock"]
[WhiteTeamCountry "GER"]
[BlackTeamCountry "GER"]

1. e4 c5 2. Nc3 e6 3. f4 Nc6 4. Bb5 Qc7 5. d3 d6 6. Nf3 Nf6 7. O-O Be7 8. Qe1 O-O 9. Bxc6 bxc6 10. b3 Nd7 11. Kh1 Re8 12. Nh4 Nf8 13. Bb2 Qd8 14. Nf3 Bb7 15. Ne2 Nd7 16. Ng3 g6 17. f5 Bf6 18. Bxf6 Qxf6 19. fxg6 fxg6 20. e5 Nxe5 21. Ne4 Qe7 22. Nxe5 Rf8 23. Nf3 1-0

[Event "vl-2324 MVP"]
[Site "MVP"]
[Date "2024.01.14"]
[Round "5.3"]
[White "Schinke, Andreas"]
[Black "Wagner, Ralph"]
[Result "1/2-1/2"]
[WhiteElo "2053"]
[BlackElo "2134"]
[PlyCount "46"]
[EventDate "2023.??.??"]
[EventType "team-tourn"]
[EventRounds "9"]
[EventCountry "GER"]
[WhiteTeam "GW Wismar"]
[BlackTeam "SF Schwerin II"]
[WhiteTeamCountry "GER"]
[BlackTeamCountry "GER"]

1. e4 d5 2. exd5 Qxd5 3. c4 Qa5 4. Nf3 Bg4 5. Nc3 Nd7 6. d4 Ngf6 7. Be2 e6 8. O-O c6 9. h3 Bh5 10. Be3 Bb4 11. Qb3 O-O 12. a3 Bxc3 13. bxc3 Ne4 14. Rac1 b6 15. Qb4 Qf5 16. Nh4 Qf6 17. Bxh5 Qxh4 18. Bf3 Rac8 19. Rfd1 Ndf6 20. Qa4 Rc7 21. Qc2 Ng5 22. Bxg5 Qxg5 23. Qa4 Rfc8 1/2-1/2

[Event "vl-2324 MVP"]
[Site "MVP"]
[Date "2024.01.14"]
[Round "5.4"]
[White "Kutschke, Peter"]
[Black "Lanz, Joerg"]
[Result "1/2-1/2"]
[WhiteElo "1993"]
[BlackElo "2055"]
[PlyCount "62"]
[EventDate "2023.??.??"]
[EventType "team-tourn"]
[EventRounds "9"]
[EventCountry "GER"]
[WhiteTeam "SF Schwerin II"]
[BlackTeam "GW Wismar"]
[WhiteTeamCountry "GER"]
[BlackTeamCountry "GER"]

1. e4 d6 2. c4 Nf6 3. Nc3 g6 4. g3 Bg7 5. Bg2 c6 6. Nge2 O-O 7. O-O e5 8. h3 Be6 9. b3 Qd7 10. Kh2 Ne8 11. d4 exd4 12. Nxd4 c5 13. Nde2 Nc6 14. Be3 a6 15. Rc1 Nc7 16. Na4 Rad8 17. Nb6 Qe7 18. Qd2 f6 19. Nf4 Kh8 20. Rfd1 Bg8 21. Nfd5 Nxd5 22. Nxd5 Bxd5 23. exd5 Ne5 24. f4 Nf7 25. Re1 Qd7 26. Re2 Rde8 27. Rce1 Re7 28. Bf2 Rfe8 29. Rxe7 Rxe7 30. Re2 Kg8 31. Qe1 Kf8 1/2-1/2

[Event "vl-2324 MVP"]
[Site "MVP"]
[Date "2024.01.14"]
[Round "5.5"]
[White "Littke, Helmut"]
[Black "Schmidt, Arne"]
[Result "1/2-1/2"]
[WhiteElo "2054"]
[BlackElo "1774"]
[PlyCount "51"]
[EventDate "2023.??.??"]
[EventType "team-tourn"]
[EventRounds "9"]
[EventCountry "GER"]
[WhiteTeam "GW Wismar"]
[BlackTeam "SF Schwerin II"]
[WhiteTeamCountry "GER"]
[BlackTeamCountry "GER"]

1. Nf3 Nf6 2. c4 g6 3. Nc3 Bg7 4. e4 e5 5. Be2 d6 6. O-O O-O 7. d4 exd4 8. Nxd4 Re8 9. f3 c6 10. Kh1 Nbd7 11. Nc2 a5 12. Qxd6 Nh5 13. Qd1 Nhf6 14. Bf4 a4 15. a3 Qb6 16. Qd2 Nc5 17. Rab1 Nb3 18. Qe3 Qa5 19. Rfd1 Be6 20. Bd6 Nd7 21. f4 Ndc5 22. Nb4 Bf5 23. Bf3 Nxe4 24. Nxe4 Bxe4 25. Bxe4 f5 26. Qf2 1/2-1/2

[Event "vl-2324 MVP"]
[Site "MVP"]
[Date "2024.01.14"]
[Round "5.6"]
[White "Fischer, Torsten"]
[Black "Junggebauer, Thomas"]
[Result "1/2-1/2"]
[WhiteElo "2026"]
[BlackElo "1971"]
[PlyCount "54"]
[EventDate "2023.??.??"]
[EventType "team-tourn"]
[EventRounds "9"]
[EventCountry "GER"]
[WhiteTeam "SF Schwerin II"]
[BlackTeam "GW Wismar"]
[WhiteTeamCountry "GER"]
[BlackTeamCountry "GER"]

1. e4 c5 2. Nf3 Nc6 3. Nc3 g6 4. Bc4 Bg7 5. O-O a6 6. a4 e6 7. Re1 Qc7 8. d3 Nge7 9. Rb1 O-O 10. Be3 Nd4 11. Ng5 h6 12. Nh3 Kh7 13. Qd2 b6 14. Nd1 d5 15. Ba2 dxe4 16. c3 Ndf5 17. dxe4 Rd8 18. Qe2 Nd6 19. f3 Bd7 20. Bb3 b5 21. Ra1 c4 22. Bc2 e5 23. a5 Re8 24. Ndf2 Nb7 25. Bb6 Qc6 26. Red1 Be6 27. f4 Nc8 1/2-1/2

[Event "vl-2324 MVP"]
[Site "MVP"]
[Date "2024.01.14"]
[Round "5.7"]
[White "Podolskiy, Alexander"]
[Black "Kupfernagel, Michael"]
[Result "0-1"]
[WhiteElo "1970"]
[BlackElo "2030"]
[PlyCount "100"]
[EventDate "2023.??.??"]
[EventType "team-tourn"]
[EventRounds "9"]
[EventCountry "GER"]
[WhiteTeam "GW Wismar"]
[BlackTeam "SF Schwerin II"]
[WhiteTeamCountry "GER"]
[BlackTeamCountry "GER"]

1. e4 c5 2. Nf3 d6 3. d4 cxd4 4. Nxd4 Nf6 5. Nc3 a6 6. f4 e6 7. Be2 Qc7 8. Be3 b5 9. Bf3 Bb7 10. Qd3 Nbd7 11. Nb3 Be7 12. O-O O-O 13. a3 Rac8 14. Rac1 Rfd8 15. Qe2 Nb6 16. Nd2 d5 17. e5 Nfd7 18. Bd4 Nb8 19. Qf2 N6d7 20. Nb3 Nc6 21. Kh1 Nxd4 22. Qxd4 Bc6 23. Qf2 Ba8 24. Qe2 Qc4 25. Qd2 b4 26. axb4 Bxb4 27. Be2 Qc6 28. Nd4 Qb7 29. Ra1 a5 30. Rf3 Nc5 31. Qe3 Bxc3 32. bxc3 Ne4 33. Rxa5 Rxc3 34. Qg1 Rdc8 35. Bd3 g6 36. Ra1 Qb4 37. Ne2 R3c7 38. Rb1 Qe7 39. Qe1 Rb7 40. Ra1 Rbc7 41. Nd4 Rb8 42. Nb5 Rcb7 43. Rf1 Qc5 44. c4 Rb6 45. Qe2 Bc6 46. Nc7 Rb2 47. Na6 Qd4 48. Qf3 R8b3 49. Rad1 Nf2+ 50. Rxf2 Rxf2 0-1

[Event "vl-2324 MVP"]
[Site "MVP"]
[Date "2024.01.14"]
[Round "5.1"]
[White "Westphal, Wolfgang"]
[Black "Stoevesand, Eric"]
[Result "1/2-1/2"]
[WhiteElo "2202"]
[BlackElo "1910"]
[PlyCount "25"]
[EventDate "2023.??.??"]
[EventType "team-tourn"]
[EventRounds "9"]
[EventCountry "GER"]
[WhiteTeam "SSC Graal-Mueritz"]
[BlackTeam "SG Neubrandenburg"]
[WhiteTeamCountry "GER"]
[BlackTeamCountry "GER"]

1. Nc3 Nf6 2. Nf3 d5 3. d4 e6 4. Bf4 Bd6 5. Bg3 a6 6. e3 O-O 7. Bd3 b5 8. a3 c5 9. dxc5 Bxc5 10. O-O Bb7 11. Qe2 Nbd7 12. e4 dxe4 13. Nxe4 1/2-1/2

[Event "vl-2324 MVP"]
[Site "MVP"]
[Date "2024.01.14"]
[Round "5.2"]
[White "Stoevesand, Peter"]
[Black "Roehl, Rainer"]
[Result "1-0"]
[WhiteElo "1754"]
[BlackElo "1994"]
[PlyCount "51"]
[EventDate "2023.??.??"]
[EventType "team-tourn"]
[EventRounds "9"]
[EventCountry "GER"]
[WhiteTeam "SG Neubrandenburg"]
[BlackTeam "SSC Graal-Mueritz"]
[WhiteTeamCountry "GER"]
[BlackTeamCountry "GER"]

1. e4 d6 2. d4 Nf6 3. Nc3 e5 4. dxe5 dxe5 5. Qxd8+ Kxd8 6. Bc4 Be6 7. Bxe6 fxe6 8. Nf3 Bd6 9. b3 a6 10. Bb2 Nbd7 11. O-O-O Ke7 12. Ne1 g5 13. Nd3 Raf8 14. Rde1 h5 15. Rhf1 g4 16. Nb1 h4 17. Nd2 b5 18. f4 gxf3 19. gxf3 Rh5 20. f4 exf4 21. e5 Nxe5 22. Bxe5 Nd5 23. c4 Ne3 24. Bxd6+ cxd6 25. Rxf4 Ng2 26. Rxe6+ 1-0

[Event "vl-2324 MVP"]
[Site "MVP"]
[Date "2024.01.14"]
[Round "5.5"]
[White "Jansen, Andreas"]
[Black "Kunow, Frank"]
[Result "1-0"]
[WhiteElo "2098"]
[BlackElo "1927"]
[PlyCount "73"]
[EventDate "2023.??.??"]
[EventType "team-tourn"]
[EventRounds "9"]
[EventCountry "GER"]
[WhiteTeam "SSC Graal-Mueritz"]
[BlackTeam "SG Neubrandenburg"]
[WhiteTeamCountry "GER"]
[BlackTeamCountry "GER"]

1. e4 d5 2. Nf3 dxe4 3. Ng5 Nf6 4. Nc3 Bf5 5. d3 exd3 6. cxd3 h6 7. Qf3 Bc8 8. Nge4 Nbd7 9. Bf4 c6 10. Be2 e5 11. Bg3 Be7 12. O-O O-O 13. Bd1 Qa5 14. a3 Nd5 15. Nxd5 Qxd5 16. Qe2 f5 17. Nd2 Kh8 18. Bb3 Qb5 19. f4 Bf6 20. Rab1 Qb6+ 21. Kh1 Qc7 22. Nc4 e4 23. dxe4 Nc5 24. Bc2 Nxe4 25. Bxe4 Re8 26. Ne5 fxe4 27. Qh5 Bd7 28. Nf7+ Kg8 29. f5 Qa5 30. Qg6 e3 31. Nxh6+ Kh8 32. Ng4 e2 33. Nxf6 gxf6 34. Qxf6+ Kg8 35. Qg6+ Kh8 36. f6 exf1=Q+ 37. Rxf1 1-0

[Event "vl-2324 MVP"]
[Site "MVP"]
[Date "2024.01.14"]
[Round "5.7"]
[White "Hausmann, Ulrich"]
[Black "Rossmann, Andreas"]
[Result "0-1"]
[WhiteElo "1820"]
[BlackElo "2073"]
[PlyCount "80"]
[EventDate "2023.??.??"]
[EventType "team-tourn"]
[EventRounds "9"]
[EventCountry "GER"]
[WhiteTeam "SSC Graal-Mueritz"]
[BlackTeam "SG Neubrandenburg"]
[WhiteTeamCountry "GER"]
[BlackTeamCountry "GER"]

1. f4 Nf6 2. Nf3 d5 3. e3 e6 4. d4 c5 5. c3 Nc6 6. Be2 Be7 7. O-O O-O 8. Nbd2 b6 9. Ne5 Qc7 10. Ndf3 Ne4 11. Bd3 f6 12. Nxc6 Qxc6 13. Nd2 f5 14. Nf3 Bf6 15. Qe2 Qc7 16. Ne5 Bd7 17. Nxd7 Qxd7 18. Bxe4 fxe4 19. Bd2 Rac8 20. Rac1 a5 21. a3 Rc7 22. Rc2 cxd4 23. exd4 Bxd4+ 24. Be3 Bc5 25. Bxc5 Rxc5 26. Rd1 Rxf4 27. Qe3 Qc7 28. Rf2 Rxf2 29. Qxf2 Rc4 30. Rf1 Qc5 31. Kh1 Qxf2 32. Rxf2 e3 33. Re2 Re4 34. g3 g5 35. h3 h5 36. Kg2 e5 37. Kf3 g4+ 38. hxg4 hxg4+ 39. Kg2 d4 40. cxd4 exd4 0-1

[Event "vl-2324 MVP"]
[Site "MVP"]
[Date "2024.01.14"]
[Round "5.8"]
[White "Baier, Karsten"]
[Black "Mueggenburg, Rolf"]
[Result "1-0"]
[WhiteElo "1984"]
[BlackElo "1667"]
[PlyCount "65"]
[EventDate "2023.??.??"]
[EventType "team-tourn"]
[EventRounds "9"]
[EventCountry "GER"]
[WhiteTeam "SG Neubrandenburg"]
[BlackTeam "SSC Graal-Mueritz"]
[WhiteTeamCountry "GER"]
[BlackTeamCountry "GER"]

1. d4 c5 2. d5 Nf6 3. c4 g6 4. Nc3 d6 5. e4 Bg7 6. Nf3 Nbd7 7. Be2 O-O 8. O-O h6 9. h3 Re8 10. Bf4 Nh5 11. Bh2 Nhf6 12. Nh4 Kh7 13. f4 e5 14. dxe6 Rxe6 15. f5 Rxe4 16. fxg6+ fxg6 17. Nxe4 Nxe4 18. Nf3 Nb6 19. Qc2 Qe7 20. Bd3 Bf5 21. Rae1 Re8 22. Bxd6 Qxd6 23. Bxe4 Rf8 24. Bxf5 Rxf5 25. b3 Qg3 26. Re7 Kg8 27. Qe4 Qd6 28. Rxb7 Nd7 29. Qe8+ Nf8 30. Qe4 Ne6 31. Re1 Nf4 32. Qe8+ Kh7 33. Rxg7+ 1-0

[Event "vl-2324 MVP"]
[Site "MVP"]
[Date "2024.01.14"]
[Round "5.2"]
[White "Hodl, Ingolf"]
[Black "Pawlicz, Filip"]
[Result "0-1"]
[WhiteElo "1911"]
[BlackElo "1553"]
[PlyCount "110"]
[EventDate "2023.??.??"]
[EventType "team-tourn"]
[EventRounds "9"]
[EventCountry "GER"]
[WhiteTeam "SSC Rostock"]
[BlackTeam "SAV Torgelow II"]
[WhiteTeamCountry "GER"]
[BlackTeamCountry "GER"]

1. g3 c5 2. Bg2 g6 3. Nf3 Bg7 4. O-O Nc6 5. c3 e5 6. d3 Nge7 7. e4 O-O 8. Be3 d6 9. Nbd2 f5 10. Bg5 h6 11. Bxe7 Qxe7 12. Nh4 Kh7 13. exf5 Bxf5 14. Nxf5 Rxf5 15. Be4 Rf6 16. h4 Kh8 17. h5 g5 18. Nc4 Qd7 19. Ne3 Rff8 20. Qg4 Qf7 21. b3 Rab8 22. Qf5 Qg8 23. Qd7 Rfd8 24. Qg4 d5 25. Bf5 d4 26. cxd4 exd4 27. Nc4 b5 28. Nd2 Re8 29. Ne4 Ne5 30. Qe2 Qd5 31. g4 c4 32. bxc4 bxc4 33. dxc4 Nxc4 34. Rfc1 d3 35. Qf3 Bxa1 36. Rxa1 Nd6 37. Nxg5 Qxf3 38. Nxf3 Nxf5 39. gxf5 Rf8 40. Nh4 Kg7 41. Rd1 Rfd8 42. Rd2 Kf6 43. Kg2 Rb4 44. Kg3 Rc4 45. Nf3 Kxf5 46. Ne1 Ke4 47. Rb2 d2 48. f3+ Ke3 49. Ng2+ Kd3 50. Rb3+ Rc3 51. Rxc3+ Kxc3 52. Ne3 Kd3 53. Kf2 Re8 54. Nd1 Re2+ 55. Kg3 Kc2 0-1

[Event "vl-2324 MVP"]
[Site "MVP"]
[Date "2024.01.14"]
[Round "5.4"]
[White "Onasch, Gunnar"]
[Black "Ehlers, Michael"]
[Result "0-1"]
[WhiteElo "1897"]
[BlackElo "1944"]
[PlyCount "64"]
[EventDate "2023.??.??"]
[EventType "team-tourn"]
[EventRounds "9"]
[EventCountry "GER"]
[WhiteTeam "SSC Rostock"]
[BlackTeam "SAV Torgelow II"]
[WhiteTeamCountry "GER"]
[BlackTeamCountry "GER"]

1. d4 Nf6 2. c4 g6 3. Nc3 d5 4. Bf4 Bg7 5. e3 e6 6. Bd3 O-O 7. Nf3 dxc4 8. Bxc4 Nd5 9. Be5 Nxc3 10. bxc3 Nd7 11. Bxg7 Kxg7 12. O-O b6 13. Qe2 Bb7 14. Rfd1 Qe7 15. e4 Rfd8 16. Ba6 Bc6 17. Bb5 Bxb5 18. Qxb5 Nf6 19. Qe2 c5 20. a4 cxd4 21. Rxd4 Rxd4 22. Nxd4 Qc5 23. Qc2 Rc8 24. Rc1 a6 25. g3 Qc4 26. f3 b5 27. axb5 axb5 28. Qb3 Qd3 29. Qxb5 Qe3+ 30. Kg2 Qxc1 31. Nxe6+ Kg8 32. Qg5 Qxg5 0-1

[Event "vl-2324 MVP"]
[Site "MVP"]
[Date "2024.01.14"]
[Round "5.6"]
[White "Wurst, Maximilian"]
[Black "Massloch, Philipp"]
[Result "1-0"]
[WhiteElo "1723"]
[BlackElo "1805"]
[PlyCount "58"]
[EventDate "2023.??.??"]
[EventType "team-tourn"]
[EventRounds "9"]
[EventCountry "GER"]
[WhiteTeam "SSC Rostock"]
[BlackTeam "SAV Torgelow II"]
[WhiteTeamCountry "GER"]
[BlackTeamCountry "GER"]

1. e4 c5 2. Nf3 Nc6 3. Nc3 e6 4. Bb5 Nge7 5. O-O a6 6. Bxc6 Nxc6 7. d3 Be7 8. Bf4 O-O 9. Ne5 Nxe5 10. Bxe5 d5 11. exd5 exd5 12. d4 c4 13. Qd2 b5 14. Ne2 Bg5 15. Bf4 Bxf4 16. Qxf4 Re8 17. Ng3 Bb7 18. c3 a5 19. Qd2 Qd6 20. a3 Bc6 21. Rfe1 Rab8 22. Rxe8+ Bxe8 23. Re1 Bd7 24. f3 b4 25. axb4 axb4 26. Qe3 Kf8 27. Qe5 Qxe5 28. Rxe5 Be6 29. f4 f6 1-0

[Event "vl-2324 MVP"]
[Site "MVP"]
[Date "2024.01.14"]
[Round "5.7"]
[White "Bollnow, Alex"]
[Black "Menkhaus, Wolf-Dieter"]
[Result "1-0"]
[WhiteElo "1657"]
[BlackElo "1908"]
[PlyCount "101"]
[EventDate "2023.??.??"]
[EventType "team-tourn"]
[EventRounds "9"]
[EventCountry "GER"]
[WhiteTeam "SAV Torgelow II"]
[BlackTeam "SSC Rostock"]
[WhiteTeamCountry "GER"]
[BlackTeamCountry "GER"]

1. e4 e5 2. Nf3 Nf6 3. Nc3 Nc6 4. Bb5 d6 5. d4 exd4 6. Nxd4 Bd7 7. O-O Be7 8. h3 Nxd4 9. Bxd7+ Qxd7 10. Qxd4 O-O 11. Nd5 Nxd5 12. exd5 Bf6 13. Qb4 a5 14. Qb3 b5 15. a4 Rfb8 16. c3 c6 17. dxc6 Qxc6 18. axb5 Rxb5 19. Qa4 d5 20. Re1 h6 21. Qg4 Qc4 22. Ra4 Qxg4 23. Rxg4 Kf8 24. Kf1 Re8 25. f3 Re6 26. Rxe6 fxe6 27. Ke2 Ke7 28. Kd3 Kd6 29. Kc2 Rc5 30. Be3 Rc4 31. Kb3 Rxg4 32. hxg4 Bd8 33. c4 e5 34. cxd5 Kxd5 35. Ka4 Kc4 36. Bd2 Kd3 37. Bxa5 Bf6 38. b4 e4 39. fxe4 Kxe4 40. Bc7 Ke3 41. g5 hxg5 42. b5 Bd4 43. b6 Bxb6 44. Bxb6+ Ke2 45. g3 Kf3 46. Bc7 Ke4 47. Kb5 Kd5 48. Bb8 Ke4 49. Kc6 Kf5 50. Kd7 Kg4 51. Ke6 1-0

[Event "vl-2324 MVP"]
[Site "MVP"]
[Date "2024.01.14"]
[Round "5.8"]
[White "Herde, Dittmar"]
[Black "Schmekel, Matthias"]
[Result "1/2-1/2"]
[WhiteElo "1938"]
[BlackElo "1938"]
[PlyCount "84"]
[EventDate "2023.??.??"]
[EventType "team-tourn"]
[EventRounds "9"]
[EventCountry "GER"]
[WhiteTeam "SSC Rostock"]
[BlackTeam "SAV Torgelow II"]
[WhiteTeamCountry "GER"]
[BlackTeamCountry "GER"]

1. Nf3 c5 2. d4 cxd4 3. Qxd4 Nc6 4. Qc3 e6 5. a3 Nf6 6. Bg5 Be7 7. Qd3 Qb6 8. b4 d5 9. e3 O-O 10. Nbd2 Qc7 11. c3 Rd8 12. Qc2 e5 13. Rc1 Be6 14. Be2 Rac8 15. Bxf6 Bxf6 16. Nb3 b6 17. O-O Qd7 18. Qb1 Bf5 19. Qb2 Qe6 20. Rfe1 Rc7 21. Bf1 Qc8 22. Nbd2 Be6 23. e4 dxe4 24. Nxe4 Be7 25. b5 Na5 26. Nxe5 f6 27. Nf3 Nb3 28. Rcd1 Nc5 29. Rxd8+ Bxd8 30. Nd4 Nxe4 31. Rxe4 Bd5 32. Re3 Be7 33. Qe2 Qd7 34. Nc6 Bxc6 35. bxc6 Qd6 36. Qc4+ Kf8 37. Re6 Qxa3 38. Qf4 Bd8 39. Qd2 Be7 40. Qf4 Rc8 41. Qf5 Rc7 42. Qf4 Rc8 1/2-1/2